MARC details
| 000 -CABECERA |
| campo de control de longitud fija |
03852cam a2200337 i 4500 |
| 001 - NÚMERO DE CONTROL |
| campo de control |
991060745349906706 |
| 005 - FECHA Y HORA DE LA ÚLTIMA TRANSACCIÓN |
| campo de control |
20250619154452.0 |
| 008 - DATOS DE LONGITUD FIJA--INFORMACIÓN GENERAL |
| campo de control de longitud fija |
221005s2022 spca||||||||| 0|0 0 spa|c |
| 015 ## - NÚMERO DE BIBLIOGRAFÍA NACIONAL |
| Número de bibliografía nacional |
LL2022 |
| Fuente |
bnc |
| 017 ## - NÚMERO DE COPYRIGHT O DE DEPÓSITO LEGAL |
| Número de copyright o de depósito legal |
DL B 11.807-2022 |
| Agencia que asigna |
Biblioteca de Catalunya |
| 020 ## - NÚMERO INTERNACIONAL ESTÁNDAR DEL LIBRO |
| Número Internacional Estándar del Libro |
9788418006494 |
| 035 ## - NÚMERO DE CONTROL DEL SISTEMA |
| Número de control de sistema |
(OCoLC)1376843307 |
| 040 ## - FUENTE DE LA CATALOGACIÓN |
| Centro catalogador/agencia de origen |
ES-TaURV |
| Lengua de catalogación |
English |
| Normas de descripción |
rda |
| Centro/agencia transcriptor |
ES-TaURV |
| Centro/agencia modificador |
ES-BaBC |
| 041 ## - CÓDIGO DE LENGUA |
| Código de lengua del texto/banda sonora o título independiente |
Spanish |
| 100 ## - ENTRADA PRINCIPAL--NOMBRE DE PERSONA |
| Nombre de persona |
Sigman, Mariano, |
| Fechas asociadas al nombre |
1972- |
| Término indicativo de función/relación |
author |
| 245 13 - MENCIÓN DE TÍTULO |
| Título |
El Poder de las palabras |
| Resto del título |
: cómo cambiar tu cerebro (y tu vida) conversando |
| Mención de responsabilidad, etc. |
/ Mariano Sigman |
| 250 ## - MENCIÓN DE EDICIÓN |
| Mención de edición |
First edition |
| 264 #1 - PRODUCCIÓN, PUBLICACIÓN, DISTRIBUCIÓN, FABRICACIÓN Y COPYRIGHT |
| Producción, publicación, distribución, fabricación y copyright |
Barcelona : |
| Nombre del de productor, editor, distribuidor, fabricante |
Debate, |
| Fecha de producción, publicación, distribución, fabricación o copyright |
[2022] |
| 300 ## - DESCRIPCIÓN FÍSICA |
| Extensión |
347pages : |
| Otras características físicas |
illustrations; |
| Dimensiones |
23 cm |
| 490 1# - MENCIÓN DE SERIE |
| Mención de serie |
Ciencia |
| 520 ## - SUMARIO, ETC. |
| Sumario, etc. |
Nuestra mente es mucho más maleable de lo que pensamos. Aunque nos resulte sorprendente, conservamos durante toda la vida la misma capacidad de aprender que teníamos cuando éramos niños. Lo que sí perdemos con el paso del tiempo es la necesidad y la motivación para aprender, de modo que vamos construyendo sentencias sobre lo que no podemos ser: el que está convencido de que las matemáticas no son lo suyo, la que siente que no nació para la música, la que cree que no puede manejar su enfado y el que no puede superar sus miedos. Demoler estas creencias es el punto de partida para mejorar cualquier cosa, en cualquier momento de la vida.<br/><br/>Esta es la buena noticia: se pueden cambiar ideas y sentimientos, aun aquellos que están profundamente arraigados. La mala noticia es que para transformarlos no basta con proponérselo. Así como concluimos a la velocidad de un rayo si una persona nos parece confiable, inteligente o divertida, también los juicios sobre nosotros mismos son precipitados e imprecisos. Ese es el hábito que tenemos que aprender: el de hablar con uno mismo.<br/><br/>Por suerte, la mala noticia no es tan mala. Disponemos de una herramienta simple y potente: las buenas conversaciones. Mezclando neurociencia, historias de vida y mucho humor, este libro explica cómo y por qué estas buenas conversaciones mejoran la toma de decisiones, las ideas, la memoria y la vida emocional y, así, pueden cambiar tu vida. |
| 520 ## - SUMARIO, ETC. |
| Sumario, etc. |
Our minds are far more malleable than we tend to believe. Surprisingly, we retain the same ability to learn throughout our lives as we had when we were children. What we do lose over time is the need and motivation to learn, and so we gradually build up firm beliefs about what we are not capable of: the person convinced that maths isn't for them, the one who feels they weren't born for music, the one who believes they can’t manage their anger, or the one who thinks they’ll never overcome their fears. Dismantling these beliefs is the starting point for improving anything, at any moment in life.<br/><br/>Here’s the good news: thoughts and feelings can be changed — even those that are deeply rooted. The bad news is that it takes more than simply wanting to change. Just as we make lightning-fast judgements about whether someone seems trustworthy, intelligent or fun, our assessments of ourselves are often just as hasty and inaccurate. That’s the habit we need to cultivate: talking to ourselves.<br/><br/>Fortunately, the bad news isn’t all that bad. We have a simple yet powerful tool at our disposal: good conversations. Blending neuroscience, life stories, and a generous dose of humour, this book explores how and why these good conversations can enhance our decision-making, ideas, memory, and emotional life — and in doing so, change our lives. |
| 650 #0 - PUNTO DE ACCESO ADICIONAL DE MATERIA--TÉRMINO DE MATERIA |
| Término de materia o nombre geográfico como elemento de entrada |
Human communication |
| 9 (RLIN) |
9650 |
| 650 #0 - PUNTO DE ACCESO ADICIONAL DE MATERIA--TÉRMINO DE MATERIA |
| Término de materia o nombre geográfico como elemento de entrada |
Interpersonal communication |
| 9 (RLIN) |
5568 |
| 650 #0 - PUNTO DE ACCESO ADICIONAL DE MATERIA--TÉRMINO DE MATERIA |
| Término de materia o nombre geográfico como elemento de entrada |
Cognition |
| 9 (RLIN) |
6853 |
| 650 #0 - PUNTO DE ACCESO ADICIONAL DE MATERIA--TÉRMINO DE MATERIA |
| Término de materia o nombre geográfico como elemento de entrada |
Conversation |
| 9 (RLIN) |
25552 |
| 650 #0 - PUNTO DE ACCESO ADICIONAL DE MATERIA--TÉRMINO DE MATERIA |
| Término de materia o nombre geográfico como elemento de entrada |
Human communication |
| 9 (RLIN) |
9650 |
| 650 #0 - PUNTO DE ACCESO ADICIONAL DE MATERIA--TÉRMINO DE MATERIA |
| Término de materia o nombre geográfico como elemento de entrada |
Self-realization |
| 9 (RLIN) |
6708 |
| 830 #0 - PUNTO DE ACCESO ADICIONAL DE SERIE-TÍTULO UNIFORME |
| Título uniforme |
Ciencia (Editorial Debate) |
| 942 ## - ELEMENTOS DE ENTRADA AGREGADA (KOHA) |
| Fuente del sistema de clasificación o colocación |
Clasificación de Library of Congress |